Freshman Class of the 119th Congress - Statistics

General Stats
  • This quiz has been taken 151 times
    4 since last reset
  • The average score is 44 of 86
Answer Stats
Picture Hint Answer % Correct
Texas 32 (D) Julie Johnson
100%
Arizona 7 (D) Adelita Grijalva
75%
Maryland Senate (D) Angela Alsobrooks
75%
Florida Senate (R) Ashley Moody
75%
Ohio Senate (R) Bernie Moreno
75%
Missouri 3 (R) Bob Onder
75%
Georgia 14 (R) Clay Fuller
75%
Pennsylvania Senate (R) Dave McCormick
75%
Ohio 2 (R) David Taylor
75%
Michigan Senate (D) Elissa Slotkin
75%
West Virginia Senate (R) Jim Justice
75%
Ohio Senate (R) John Husted
75%
Delaware Senate (D) Lisa Blunt Rochester
75%
Alaska At-Large (R) Nick Begich III
75%
Arizona Senate (D) Ruben Gallego
75%
Delaware At-Large (D) Sarah McBride
75%
Montana Senate (R) Tim Sheehy
75%
Arizona 8 (R) Abe Hamadeh
50%
California 13 (D) Adam Gray
50%
North Carolina 6 (R) Addison McDowell
50%
Maryland 6 (D) April McClain Delaney
50%
North Carolina 13 (R) Brad Knott
50%
Texas 26 (R) Brandon Gill
50%
Georgia 3 (R) Brian Jack
50%
Texas 18 (D) Christian Menefee
50%
Louisiana 6 (D) Cleo Fields
50%
Texas 12 (R) Craig Goldman
50%
California 47 (D) Dave Min
50%
Kansas 2 (R) Derek Schmidt
50%
Virginia 7 (D) Eugene Vindman
50%
Colorado 8 (R) Gabe Evans
50%
New York 16 (D) George Latimer
50%
California 27 (D) George Whitesides
50%
California 31 (D) Gil Cisneros
50%
Virginia 11 (D) James Walkinshaw
50%
Oregon 5 (D) Janelle Bynum
50%
Colorado 5 (R) Jeff Crank
50%
Colorado 3 (R) Jeff Hurd
50%
Indiana Senate (R) Jim Banks
50%
Florida 1 (R) Jimmy Patronis
50%
Utah Senate (R) John Curtis
50%
New York 22 (D) John Mannion
50%
Virginia 5 (R) John McGuire
50%
New York 19 (D) Josh Riley
50%
North Dakota At-Large (R) Julie Fedorchak
50%
Minnesota 3 (DFL) Kelly Morrison
50%
Michigan 8 (D) Kristen McDonald Rivet
50%
California 12 (D) Lateefah Simon
50%
New Hampshire 2 (D) Maggie Goodlander
50%
North Carolina 8 (R) Mark Harris
50%
Indiana 8 (R) Mark Messmer
50%
Indiana 3 (R) Marlin Stutzman
50%
Tennessee 7 (R) Matt Van Epps
50%
Oregon 3 (D) Maxine Dexter
50%
Washington 5 (R) Michael Baumgartner
50%
Florida 8 (R) Mike Haridopolos
50%
Utah 3 (R) Mike Kennedy
50%
North Carolina 10 (R) Pat Harrigan
50%
Florida 6 (R) Randy Fine
50%
West Virginia 2 (R) Riley Moore
50%
Pennsylvania 8 (R) Rob Bresnahan
50%
Pennsylvania 7 (R) Ryan MacKenzie
50%
Maryland 3 (D) Sarah Elfreth
50%
South Carolina 3 (R) Sheri Biggs
50%
Alabama 2 (D) Shomari Figures
50%
Virginia 10 (D) Suhas Subramanyam
50%
Texas 18 (D) Sylvester Turner
50%
North Carolina 14 (R) Tim Moore
50%
Montana 2 (R) Troy Downing
50%
Missouri 1 (D) Wesley Bell
50%
Arizona 3 (D) Yassamin Ansari
50%
Oklahoma Senate (R) Alan Armstrong
25%
New Jersey 11 (D) Analilia Mejia
25%
California 45 (D) Derek Tran
25%
Washington 6 (D) Emily Randall
25%
New Jersey 3 (D) Herb Conaway
25%
Indiana 6 (R) Jefferson Shreve
25%
Maryland 2 (D) Johnny Olszewski
25%
Northern Mariana Islands At-Large (R) Kimberlyn King-Hinds
25%
California 30 (D) Laura Friedman
25%
New York 4 (D) Laura Gillen
25%
California 29 (D) Luz Rivas
25%
New Jersey 9 (D) Nellie Pou
25%
Puerto Rico At-Large (D) Pablo Hernández Rivera
25%
California 16 (D) Sam Liccardo
25%
Michigan 7 (R) Tom Barrett
25%
No matching quizzes found
Score Distribution
Percent of People with Each Score
Percentile by Number Answered
Your Score History
You have not taken this quiz since the last reset